000
00328nam a2200133Ia 4500
005
20251222141952.0
008
251222s9999||||xx |||||||||||||| ||spa||
020
_a
950-12-213-7
082
_a
372.83/A33
100
_a
Aisenberg, Beatriz
245
0
_a
Didácticas de las Ciencias Sociales II:
264
_b
Paidós
942
_c
LIB
999
_c
9717
_d
9717